000 00606nam a2200241Ia 4500
003 OSt
005 20220924121235.0
006 a|||||r|||| 00| 0
007 ta
008 220923b |||||||| |||| 00| 0 tel d
020 _cRs.1.
024 _a341186
037 _cTextual
040 _aARTS
_cARTS
_btel
041 _2tel
_atel
082 _aO35, K0
100 _aJaghava Au.
_9184917
245 0 _aKandiseekudu
260 _aHyderabad
_bBooks Of India India
_c1960
650 _aTELUGU LITERATURE
942 _hO35, K0
_cTEXL
_2CC
999 _c406546
_d406546